000 00360cam6a220013300 4500
001 lce00784896
008 730801s1973 inu 000 1 eng
020 _a0672517809
035 _a(Sirsi) r10817
050 _aPZ 4.B4944 BER 1973
100 _aBerge, Carol
245 _aActs of love,
_ban American novel.
260 _aIndianapolis,
_bBobbs-Merrill
_c[1973]
999 _c138500
_d138500